La rebelión de los zombis /
El archiduqye Friedrich Ludwig Hans von...etc. etc. (tiene un apellido tan exótico este hombre...) se ha metido en problemas. El pobre, que nunca había gozado de buena fama en la comarca, una noche de feroz tormenta, lluvia despiadada y corte de luz, no tuvo mejor idea que bajar a su tenebroso labor...
Guardado en:
| Autor Principal: | |
|---|---|
| Otros Autores: | |
| Formato: | Libro |
| Idioma: | Undetermined |
| Publicado: |
Buenos Aires :
Del Naranjo,
2015.
|
| Edición: | 1a ed. |
| Series: | Sub20
|
| Materias: | |
| Etiquetas: |
Agregar Etiqueta
Sin Etiquetas, Sea el primero en etiquetar este registro!
|
| LEADER | 01161nam a22002175a 4500 | ||
|---|---|---|---|
| 001 | CEM.cems020311 | ||
| 008 | 230807s2015####ag############000#0#und#d | ||
| 005 | 20230807145314.0 | ||
| 245 | 1 | 0 | |a La rebelión de los zombis / |c Liliana Cinetto ; ilustrado por Gabo Bernstein. |
| 250 | |a 1a ed. | ||
| 260 | |a Buenos Aires : |b Del Naranjo, |c 2015. | ||
| 300 | |a 64 p. | ||
| 490 | 1 | |a Sub20 | |
| 520 | |a El archiduqye Friedrich Ludwig Hans von...etc. etc. (tiene un apellido tan exótico este hombre...) se ha metido en problemas. El pobre, que nunca había gozado de buena fama en la comarca, una noche de feroz tormenta, lluvia despiadada y corte de luz, no tuvo mejor idea que bajar a su tenebroso laboratorio y experimentar con una fórmula muy peligrosa que luego debía probar, nada más ni nada menos, que en el antiguo cementerio de la región. Y ahí fue cuando empezaron los problemas... | ||
| 020 | |a 9789871343973 | ||
| 100 | 1 | |a Cinetto, Liliana. | |
| 700 | 1 | |a Bernstein, Gabo ; il. | |
| 653 | |a Literatura argentina | ||
| 653 | |a Literatura infantil y juvenil | ||
| 653 | |a Novela argentina | ||
| 859 | |a CEMS |b BIB. CEMS - Inicial y Primaria |h A863.4 |i C547-6 |k IP |p 6192 |t Ej.1 | ||
